Ułóż słowo używając symboli pierwiastków chemicznych - Statystyki

Ogólne statystyki
  • Ten quiz został rozwiązany 29 razy
  • Średni wynik to 9 z 10
Statystyki odpowiedzi
Pierwiastki Słowo zawierające symbole tych pierwiastków % Poprawnych
azot-tlen-siarka nos
100%
lit-siarka-tantal lista
93%
siarka-azot-tlen-bor snob
93%
bar-wapń baca
89%
hel-lit-potas-tlen-platyna-erb helikopter
89%
potas-ren-wolfram krew
89%
german-potas-tlen-azot gekon
86%
brom-astat brat
82%
pluton-siarka-tantal-potas pustak
71%
gal-protaktyn gapa
57%
Nie znaleziono quizów pasujących do podanych kryteriów
Rozkład punktacji
Procent ludzi z każdym wynikiem
Percentyl według liczby udzielonych odpowiedzi
Twoja historia wyników
Nie rozwiązałeś tego quizu